Vazby německých sloves s podstatnými jmény /

Main Author: Kolečková, Olga, 1958-
Other Authors: Haupenthal, Thomas, 1959-
Language: German
Czech
Published: Praha : Polyglot, 2003
Edition: Vyd. 2.
Online Access: Digitalizovaný dokument
Physical Description: 181 s. ; 24 cm
Book
Saved in:
LEADER 01493nam a2200409 a 4500
001 000669004
003 CZ BrMZK
005 20100730134229.0
007 ta
008 030506s2003 xr f 000 0 cze d
015 |a cnb001248558 
020 |a 80-86195-23-6  |q (brož.) 
020 |z 80-901988-5-6  |q (ch.) 
035 |a (OCoLC)53260726 
040 |a BOA001  |b cze 
041 0 |a cze  |a ger 
072 7 |a 811.112.2  |x Němčina  |2 Konspekt  |9 11 
080 |a 811.112.2  |2 MRF 
080 |a 81'367.4  |2 MRF 
080 |a (035)  |2 MRF 
080 |a (076.3)  |2 MRF 
100 1 |a Kolečková, Olga,  |d 1958-  |7 mzk2003181721  |4 aut 
245 1 0 |a Vazby německých sloves s podstatnými jmény /  |c Olga Kolečková, Thomas Haupenthal 
250 |a Vyd. 2. 
260 |a Praha :  |b Polyglot,  |c 2003 
300 |a 181 s. ;  |c 24 cm 
500 |a 3000 výt. 
650 0 7 |a němčina  |7 ph115512  |2 czenas 
650 0 7 |a slovesné fráze  |7 ph164931  |2 czenas 
655 7 |a příručky  |7 fd133209  |2 czenas 
655 7 |a diktáty a cvičení  |7 fd186920  |2 czenas 
700 1 |a Haupenthal, Thomas,  |d 1959-  |7 mzk2003181722  |4 aut 
856 4 1 |u http://www.digitalniknihovna.cz/mzk/uuid/uuid:8350d290-46d4-11e3-9c86-005056827e51  |y Digitalizovaný dokument  |x NDK 
910 |a BOA001  |b 2-1117.754 
990 |a BK 
996 6 |b 2610190823  |c 2-1117.754  |l MZK  |r Sklad / do 1 hodiny  |n 1  |p p.v.  |w 000669004  |u 000010  |a 1  |e BOA001  |j MZK50  |s P 
996 7 |b 2610190824  |c 2-1117.754  |l Vol.výběr  |r VV 1p  |n 90  |p kup  |h 811.112.2 KOL  |w 000669004  |u 000020  |a 0  |e BOA001  |j MZK50  |s A